000 01093nam a2200229 a 4500
008 060316s1990 ||||||||||||||||| || u
020 _a0521383439
020 _a0521289653
050 _aGB 401.5 Bri
100 _aBridges, Edwin M
245 1 0 _aWorld geomorphology
260 _aCambridge [England]:
_bCambridge University Press
_c1990
300 _ax, 260 p. : ill.
350 _a0.00
500 _aIncludes bibliographical references 
650 0 _aGEOMORPHOLOGY
856 _uhttp://www.loc.gov/catdir/description/cam024/90031050.html
856 _uhttp://www.loc.gov/catdir/toc/cam021/90031050.html
995 _aMAIN LIBRARY OPEN ACCESS
_D0.00
_e029346
_FCBU-MAIN LIBRARY (Kitwe)
_H1
_I0.00
_jGB 401.5 Bri
_UAVAILABLE
_y029346
_ZMain Library Open Access Collection
995 _aMAIN LIBRARY OPEN ACCESS
_D0.00
_e026282
_FCBU-MAIN LIBRARY (Kitwe)
_H2
_I0.00
_jGB 401.5 Bri
_UAVAILABLE
_y026282
_ZMain Library Open Access Collection
995 _aMAIN LIBRARY OPEN ACCESS
_D0.00
_e029391
_FCBU-MAIN LIBRARY (Kitwe)
_H3
_I0.00
_jGB 401.5 Bri
_UAVAILABLE
_y029391
_ZMain Library Open Access Collection
999 _c83243
_d83243